000 00293nam a22001337a 4500
008 170309b xxu||||| |||| 00| 0 eng d
020 _a9780683089370
041 _aeng
080 _25 ED
_a611
100 _a6
101 _aSHM
245 _aRESPIRATORY PHYSIOLOGY
_cWEST.J.B
942 _2udc
_cBK
999 _c7352
_d7352